Central Library OPAC University of Rajshahi

Magnificence : (Record no. 77456)

MARC details
000 -LEADER
fixed length control field 00792nam a22002297a 4500
001 - CONTROL NUMBER
control field 77456
003 - CONTROL NUMBER IDENTIFIER
rucl marc code BD-RjUL
005 - DATE AND TIME OF LATEST TRANSACTION
control field 20211209082955.0
008 - FIXED-LENGTH DATA ELEMENTS--GENERAL INFORMATION
fixed length control field 200920r19251908enk||||| |||| 00| 0 eng d
035 ## - SYSTEM CONTROL NUMBER
System control number (BD-RjUL)77681
040 ## - CATALOGING SOURCE
Original cataloging agency BD-RjUL
Language of cataloging eng
Transcribing agency BD-RjUL
041 ## - LANGUAGE CODE
Language code of text/sound track or separate title eng
082 ## - DEWEY DECIMAL CLASSIFICATION NUMBER
Classification number 822.2
Author mark and year SKM 1925
100 ## - MAIN ENTRY--PERSONAL NAME
Personal name Skelton, John.
9 (RLIN) 241480
245 10 - TITLE STATEMENT
Title Magnificence :
Remainder of title a moral play /
Statement of responsibility, etc. by John Skelton,John Skelton ed. with introduction, notes, and glossary, by Robert Lee Ramsay.
260 ## - PUBLICATION, DISTRIBUTION, ETC. (IMPRINT)
Place of publication, distribution, etc. London:
Name of publisher, distributor, etc. Early English text society,
Date of publication, distribution, etc. 1908 [reprinted 1925]
300 ## - PHYSICAL DESCRIPTION
Pagination cxcvii, [2], 100 pages;
Size 23 cm.
650 ## - SUBJECT ADDED ENTRY--TOPICAL TERM
Topical term or geographic name as entry element Magnyfycence (Skelton, John)
9 (RLIN) 241481
Topical term or geographic name as entry element English drama
Chronological subdivision Early modern and Elizabethan
9 (RLIN) 241482
700 ## - ADDED ENTRY--PERSONAL NAME
Personal name Ramsay, Robert Lee.
942 ## - ADDED ENTRY ELEMENTS (KOHA)
Source of classification or shelving scheme Dewey Decimal Classification
Koha item type Books
Holdings
Lost status Source of classification or shelving scheme Damaged status Not for loan Collection code Permanent Location Current Location Shelving location Date acquired Source of acquisition Cost, normal purchase price Total Checkouts Full call number Date last seen Copy number Koha item type
  Dewey Decimal Classification   Not For Loan Non-fiction Central Library, University of Rajshahi Central Library, University of Rajshahi Reading Room 13/11/1956 Blackwell 1.40   822.2 SKM 1925 20/09/2020 C-1 Books